| 000 | 01125nam a2200277 4500 | ||
|---|---|---|---|
| 003 | OSt | ||
| 005 | 20260530113909.0 | ||
| 008 | 260506b2003 GE ||||| |||| 00| 0 eng d | ||
| 020 | _a3775791426 | ||
| 040 |
_aICI _bSPA _cICI |
||
| 041 | _aENG | ||
| 050 |
_aNK430.G4 _bU5515 |
||
| 100 | 1 |
_aHatje Cantz _933125 |
|
| 245 | 1 | 0 |
_aUlmer Modelle, Modelle nach Ulm : _bHochschule für Gestaltung Ulm 1953-1968 = Ulm School of design 1953-1968 / _cUlmer Museum, HFG-Archiv |
| 264 | 1 |
_aOstfildern-Ruit : _bHatje Cantz _c[2003] |
|
| 300 |
_a207 páginas : _bilustraciones ( algunas a color) |
||
| 336 |
_atexto _2rdacontent |
||
| 337 |
_asin medio _2rdamedia |
||
| 338 |
_avolumen _2rdacarrier |
||
| 500 | _aCatalog of an exhibition held Sept. 14-Nov. 30, 2003, at Stadthaus Ulm, to commemorate the 50th anniversary of the founding of Ulm School of Design | ||
| 610 |
_a Hochschule für Gestaltung (Ulm, Alemania) _vExposiciones _xHistoria _933126 |
||
| 650 |
_aDiseño _vExposiciones _xEstudio y enseñanza (Superior) _zAlemania _933127 |
||
| 710 | 2 |
_aUlmer Museum _933128 |
|
| 710 | 2 |
_a HfG-Archiv Ulm _933129 |
|
| 942 |
_2lcc _cBK _n1 |
||
| 999 |
_c12054 _d12054 |
||